Alfred's teach your child to play Piano, Book 1: (Record no. 8651)
[ view plain ]
| 000 -LEADER | |
|---|---|
| fixed length control field | 01470nam a22002417a 4500 |
| 001 - CONTROL NUMBER | |
| control field | 8651 |
| 003 - CONTROL NUMBER IDENTIFIER | |
| control field | FISKH |
| 005 - DATE AND TIME OF LATEST TRANSACTION | |
| control field | 20251008094629.0 |
| 008 - FIXED-LENGTH DATA ELEMENTS--GENERAL INFORMATION | |
| fixed length control field | 251008b cb ||||| |||| 00| 0 eng d |
| 020 ## - INTERNATIONAL STANDARD BOOK NUMBER | |
| International Standard Book Number | 9780739094709 |
| 040 ## - CATALOGING SOURCE | |
| Original cataloging agency | FISKH |
| Language of cataloging | eng |
| Transcribing agency | FISKH |
| Modifying agency | FISKH |
| 050 ## - LIBRARY OF CONGRESS CALL NUMBER | |
| Classification number | PZ7 |
| 082 ## - DEWEY DECIMAL CLASSIFICATION NUMBER | |
| Classification number | 786.2 |
| 100 ## - MAIN ENTRY--PERSONAL NAME | |
| Personal name | Barden, Christine H. |
| 245 ## - TITLE STATEMENT | |
| Title | Alfred's teach your child to play Piano, Book 1: |
| Remainder of title | The easiest Piano method ever! / |
| Statement of responsibility, etc. | Christine H. Barden ; Gayle Kowalchyk ; E. L. Lancaster |
| 260 ## - PUBLICATION, DISTRIBUTION, ETC. | |
| Place of publication, distribution, etc. | Van Nuys : |
| Name of publisher, distributor, etc. | Alfred, |
| Date of publication, distribution, etc. | 2013. |
| 300 ## - PHYSICAL DESCRIPTION | |
| Extent | 96 pages : |
| Other physical details | color illustrations ; |
| Dimensions | 31 cm |
| 520 ## - SUMMARY, ETC. | |
| Summary, etc. | This book is designed for parents as well as for families who are a part of the homeschool movement and wish to include piano in the curriculum. The step-by-step method provides materials that allow students to play pieces on the piano immediately. With an accompanying CD that demonstrates how the music sounds, each lesson is explained in plain language that is easy to understand. The enclosed CD contains a recording of every piece in the book. Preceding each student page is an Instructional Guide for the parent. The Instructional Guide suggests steps for introducing the page to the student, follow-up practice suggestions for the student to do without the parent, and suggestions for reviewing the page in subsequent lessons. |
| 700 ## - ADDED ENTRY--PERSONAL NAME | |
| Personal name | Kowalchy, kGayle |
| Relator term | Author |
| 700 ## - ADDED ENTRY--PERSONAL NAME | |
| Personal name | Lancaster, E. L. |
| Relator term | Author |
| 942 ## - ADDED ENTRY ELEMENTS (KOHA) | |
| Source of classification or shelving scheme | Dewey Decimal Classification |
| Koha item type | Books |
| Suppress in OPAC | No |
| Withdrawn status | Lost status | Source of classification or shelving scheme | Damaged status | Not for loan | Collection | Home library | Current library | Shelving location | Date acquired | Total Checkouts | Full call number | Barcode | Date last seen | Copy number | Price effective from | Koha item type |
|---|---|---|---|---|---|---|---|---|---|---|---|---|---|---|---|---|
| Dewey Decimal Classification | Reference | Footprints International School Library Network Toul Kork Campus | Footprints International School Library Network Toul Kork Campus | Librarian's Shelf TK | 10/08/2025 | BAR 786.2 PZ7 | 2025-4496 | 10/08/2025 | 1 | 10/08/2025 | Books |
